Discographie de Ninho - Statistiques

Statistiques générales
  • Ce quiz a été pris 1 321 fois
  • Le résultat moyen est 36 sur 98
Statistiques - réponses
Album Titre % Correct
1 M.I.L.S
86%
2 La vie qu'on mene
81%
3 Goutte d'eau
77%
1 M.I.L.S 2.0
69%
1 Intro
68%
1 Intro
68%
10 Maman ne le sait pas
66%
18 Outro
65%
8 Rose
64%
1 Comme prevu
63%
12 Lettre a une femme
63%
7 Dis-moi que tu m'aime
61%
3 Mamacita
61%
9 De l'autre cote
60%
2 M.I.L.S 3
59%
17 Money
56%
(21) Tout en gucci
56%
14 Putana
55%
2 Fendi
54%
13 Malcolm
54%
3 Zipette
53%
6 Roro
52%
7 Un Poco
50%
15 A Kinshasa
49%
17 Filon
49%
7 La vivance
49%
10 Elle m'a eu
47%
12 Jamais
47%
4 Paris c'est magique
47%
6 Tokarev
47%
14 Le jeu
46%
4 Caramelo
45%
5 Jeune Lossa
45%
13 Jusqu'a minuit
45%
9 NI
45%
1 Sans peine
45%
5 Promo
44%
9 Elle a mal
43%
3 Sourire
42%
9 Bavard
41%
9 Centre commercial
41%
11 L'ancien
41%
2 Soleil
41%
12 Vrais
40%
8 Big Pac
39%
2 Chino
38%
12 Dita
38%
5 Laisse pas trainer ton fils
37%
8 44
36%
12 Tout ira mieux
36%
6 Pave
35%
7 La puerta
34%
13 Violet
34%
14 Bob
33%
15 Carbozo
33%
5 Cresus
33%
8 En chien
33%
14 Love
33%
4 Pour nous
33%
13 Pourquoi
33%
(20) Kitchen
32%
7 HLM ou palace
31%
(19) Toutes les couleurs
31%
11 Coffrer
30%
16 Millesimes
30%
11 Ce soir
29%
(18) Problemes du matin
29%
16 Zero paluche
29%
10 Bitch Dab
28%
8 La Roma
28%
3 PGP
28%
15 Bali
27%
11 C'etait le rap
27%
13 Every day
27%
5 Mama no cry
27%
4 Gros vendeurs
26%
4 Toutes options
25%
(23) Mac 11
24%
11 Somnambule
24%
14 TTR
24%
6 Mauvais Djo
23%
10 Tu sais qu'on est gang
23%
10 Chacun son tour
22%
(22) Privilege
22%
6 Monotomie
14%
6 Clan des loups
7%
2 Gangsta
6%
3 Mec de tess
5%
4 Atomic music
3%
5 Debout
3%
12 Dis-leur
3%
11 Frappe atomic
3%
8 Guerilla
3%
9 Le seum
3%
13 Loin de la street
3%
10 Pas me louper
3%
7 Faire des sous
2%
14 On s'arrache
2%
Aucun quiz correspondant
Distribution des résultats
% des personnes avec chaque résultat
Percentile par nombre de réponses
Votre historique - résultats
Vous n’avez pas pris ce quiz